Random Sequential U.S. States on a Map - With Wammies - Statistics

General Stats
  • This quiz has been taken 28 times
  • The average score is 26 of 50
Answers on the Map
Answers color-coded by a green-red scale on the quiz's map according to % correct below.
 
Answer Stats
State % Correct
Texas
74%
Ohio
68%
Arizona
63%
Louisiana
63%
Wisconsin
63%
Delaware
58%
Florida
58%
Hawaii
58%
Iowa
58%
Maine
58%
North Carolina
58%
South Carolina
58%
Tennessee
58%
Virginia
58%
Alaska
53%
California
53%
Colorado
53%
Idaho
53%
Massachusetts
53%
Montana
53%
Nevada
53%
New York
53%
Oregon
53%
Pennsylvania
53%
Utah
53%
Washington
53%
Alabama
47%
Arkansas
47%
Connecticut
47%
Georgia
47%
Indiana
47%
Maryland
47%
Michigan
47%
Minnesota
47%
Missouri
47%
Nebraska
47%
New Mexico
47%
North Dakota
47%
Oklahoma
47%
Rhode Island
47%
Vermont
47%
West Virginia
47%
Illinois
42%
Kansas
42%
Kentucky
42%
Mississippi
42%
New Hampshire
42%
New Jersey
42%
South Dakota
42%
Wyoming
42%
No matching quizzes found
Score Distribution
Percent of People with Each Score
Percentile by Number Answered
Your Score History
You have not taken this quiz